Roma erotica /

Salvato in:
Dettagli Bibliografici
Autore principale: Stajano, Gio
Natura: Libro
Lingua:italiano
Pubblicazione: [Milano] : S.E.A., 1967
Serie:Poker d'assi ; 17
Tags: Aggiungi Tag
Nessun Tag, puoi essere il primo ad aggiungerne!!

MARC

LEADER 00000nam a22000007i 4500
001 IT\ICCU\UBO\3182202
003 ItRI
005 20260115232259.0
008 070411s1967 it |||||| ||||| |||||c
040 |b ita  |c importazione bologna sebina 
041 7 |a ita  |2 ISO-639-2 
100 1 |a Stajano, Gio  |0 IT\ICCU\RAVV\074679 
245 1 0 |a Roma erotica /  |c Giò Staiano. 
260 |a [Milano] :  |b S.E.A.,  |c 1967 
300 |a 159 p. ;  |c 17 cm. 
752 |a it   |d Milano 
790 1 |a Stajano Starace, Maria Gioacchina  |3 IT\ICCU\RAVV\074680  |z Stajano, Gio 
830 0 |a Poker d'assi ;  |v 17  |0 IT\ICCU\PAL\0025088 
942 |2 ddc  |c BK  |n 0 
952 |0 0  |1 0  |4 0  |6 DOC_853_914000000000000_STA  |7 0  |9 23502  |a BO  |b BO  |d 2026-01-15  |i 424  |l 0  |o DOC 853.914 STA  |p BO424  |r 2026-01-15 23:22:59  |w 2026-01-15  |x [Sebina 7] [1 v.]  |y BK  |z 1 v. 
999 |c 20025  |d 20025